Výhody vernosti musia byť vzájomné

Aj keď sú výhody vernostného programu známe už dlho, niektorí z najväčších hráčov na maloobchodnom trhu prišli so svojimi verziami až teraz. Príkladom je napríklad Kaufland Card. Základom toho, aby mohol obchodník s dátami pracovať, je presvedčiť svojho zákazníka, aby bol ochotný svoje dáta zdieľať....

Ausführliche Beschreibung

Gespeichert in:
Bibliographische Detailangaben
1. Verfasser: Kapitán, Peter
Format: Buchkapitel
Sprache:Slowakisch
Schlagworte:
Tags: Tag hinzufügen
Keine Tags, Fügen Sie das erste Tag hinzu!

MARC

LEADER 00000naa a2200000 4500
001 0282165
005 20240417075156.0
041 0 |a slo 
044 |a CZ 
245 1 0 |a Výhody vernosti musia byť vzájomné  |c Peter Kapitán 
520 |a Aj keď sú výhody vernostného programu známe už dlho, niektorí z najväčších hráčov na maloobchodnom trhu prišli so svojimi verziami až teraz. Príkladom je napríklad Kaufland Card. Základom toho, aby mohol obchodník s dátami pracovať, je presvedčiť svojho zákazníka, aby bol ochotný svoje dáta zdieľať. Moderný vernostný systém musí spraviť na spotrebiteľa prvý dobrý dojem. Aktuálnym trendom sú dnes predplatené programy (napr. Amazon Prime). 
610 2 0 |a stratégia marketingová 
610 2 0 |a spokojnosť zákazníkov 
610 2 0 |a programy vernostné 
610 2 0 |a lojálnosť zákazníkov 
610 2 0 |a zber dát 
100 1 |a Kapitán, Peter